| 000 | 00875nam a22002537a 4500 | ||
|---|---|---|---|
| 999 |
_c4270 _d4270 |
||
| 003 | AR-CdUCM | ||
| 008 | 190308b ||||| |||| 00| 0 spa d | ||
| 040 |
_aMUNICIPALIDAD PROVINCIAL DEL CUSCO _cBIBLIOTECA MUNICIPAL DEL CUSCO |
||
| 082 |
_a770 / _bA32 |
||
| 110 |
_aMuseo de Arte de Lima _913500 |
||
| 245 |
_aCruzando caminos : _b6 fotógrafos latinoamericanos / |
||
| 260 |
_aLima : _bMuseo de Lima, _c1995. |
||
| 300 |
_a26 páginas ; _bFotografías en color & blanco y negro _c26 cm. |
||
| 505 | _aAlexander Apostol -- Luis Gonzales -- Ana María Mc Carthy -- Luis Paredes... | ||
| 650 |
_aFotografía _94511 |
||
| 650 |
_aFotografía Artística _913501 |
||
| 650 |
_aArte _9561 |
||
| 650 |
_aLima _9231 |
||
| 700 |
_aAlexander Apóstol _913502 |
||
| 700 |
_aLuis González _913503 |
||
| 700 |
_aAnamaría McCarthy _913504 |
||
| 942 |
_2ddc _cLIBROS |
||
| 945 | _admma | ||